[Event "XII C.to Italiano U20"]
[Site "Bratto - Castione della Presolana ITA"]
[Date "2004.08.24"]
[Round "5"]
[White "Finocchiaro, Gianluca"]
[Black "Laurenti, Stefano"]
[Result "1/2-1/2"]
[WhiteElo "1505"]
[BlackElo "1823"]
[PlyCount "57"]
[EventDate "2004.08.20"]

1. d4 Nf6 2. c4 e6 3. a3 b6 4. Nc3 Bb7 5. Nf3 Be7 6. e3 O-O 7. Bd3 d5 8. cxd5
exd5 9. O-O Nbd7 10. Bd2 Ne4 11. Qc2 Ndf6 12. Rac1 Rc8 13. Nb5 a6 14. Na7 Ra8
15. Nc6 Bxc6 16. Qxc6 Bd6 17. Qc2 Re8 18. h3 c5 19. dxc5 bxc5 20. Bc3 Qb6 21.
Nd2 Rab8 22. Bxf6 Nxf6 23. Rb1 h6 24. Rfe1 Qc6 25. e4 a5 26. exd5 Qxd5 27.
Rxe8+ Rxe8 28. Rd1 Qe5 29. Nf3 1/2-1/2

[Event "XII C.to Italiano U20"]
[Site "Bratto - Castione della Presolana ITA"]
[Date "2004.08.24"]
[Round "5"]
[White "Fortino, Fabrizio"]
[Black "Santacroce, Fidel"]
[Result "1-0"]
[WhiteElo "1931"]
[BlackElo "1661"]
[PlyCount "45"]
[EventDate "2004.08.20"]

1. d4 e6 2. e4 d5 3. Nc3 Bb4 4. e5 c5 5. a3 Bxc3+ 6. bxc3 Ne7 7. a4 Nbc6 8. Nf3
Bd7 9. Bd2 Qc7 10. Bd3 Rc8 11. O-O Ng6 12. Re1 Na5 13. Ng5 c4 14. Be2 O-O 15.
Bh5 h6 16. Nxf7 Rxf7 17. Bxg6 Re7 18. Qg4 Kh8 19. Bg5 Ree8 20. Qh5 Rf8 21. Bxh6
gxh6 22. Qxh6+ Kg8 23. Qh7# 1-0

[Event "XII C.to Italiano U20"]
[Site "Bratto - Castione della Presolana ITA"]
[Date "2004.08.24"]
[Round "5"]
[White "Gatterer, Matthias"]
[Black "Vocaturo, Daniele"]
[Result "0-1"]
[WhiteElo "1844"]
[BlackElo "2221"]
[PlyCount "72"]
[EventDate "2004.08.20"]

1. d4 Nf6 2. Nf3 g6 3. c4 Bg7 4. Nc3 O-O 5. e4 d6 6. Be2 e5 7. O-O Nc6 8. d5
Ne7 9. Ne1 Nd7 10. Be3 f5 11. f3 f4 12. Bf2 g5 13. a4 Ng6 14. a5 Rf7 15. Nd3
Nf6 16. c5 Bf8 17. cxd6 Bxd6 18. b4 Rg7 19. Rc1 Nf8 20. Nb5 g4 21. Qe1 Qe8 22.
Nxd6 cxd6 23. Kh1 g3 24. Rxc8 Rxc8 25. Bxa7 gxh2 26. Nf2 Qg6 27. Ng4 h5 28.
Nxf6+ Qxf6 29. Bb5 Qg5 30. Qd2 h4 31. Rf2 h3 32. Bf1 Qg3 33. Qb2 Rgc7 34. Bb5
Rc1+ 35. Bf1 hxg2+ 36. Rxg2 Rxf1+ 0-1

[Event "XII C.to Italiano U20"]
[Site "Bratto - Castione della Presolana ITA"]
[Date "2004.08.24"]
[Round "5"]
[White "Gilardi, Davide"]
[Black "Ferrarese, Giacomo"]
[Result "0-1"]
[WhiteElo "1440"]
[BlackElo "1688"]
[PlyCount "56"]
[EventDate "2004.08.20"]

1. e4 c5 2. Nf3 d6 3. d4 cxd4 4. Nxd4 Nf6 5. Nc3 g6 6. f3 Bg7 7. Be3 Nc6 8. Nb3
O-O 9. Qd2 Be6 10. Bh6 Rc8 11. Bxg7 Kxg7 12. Nd5 Bxd5 13. exd5 Ne5 14. h4 h5
15. Be2 Qb6 16. f4 Nc4 17. Bxc4 Rxc4 18. O-O-O Rfc8 19. c3 Ne4 20. Qe1 Nf2 21.
Qxe7 Nxh1 22. Rxh1 R8c7 23. Qg5 Qe3+ 24. Kb1 Qxf4 25. Qxf4 Rxf4 26. Nd4 a6 27.
g3 Rg4 28. Rg1 Rc5 0-1

[Event "XII C.to Italiano U20"]
[Site "Bratto - Castione della Presolana ITA"]
[Date "2004.08.24"]
[Round "5"]
[White "Giovannini, Stefano"]
[Black "Polilli, Andrea"]
[Result "0-1"]
[WhiteElo "1712"]
[BlackElo "1679"]
[PlyCount "75"]
[EventDate "2004.08.20"]

1. d4 Nf6 2. c4 c5 3. d5 b5 4. Nf3 g6 5. Qc2 d6 6. e4 b4 7. Nbd2 Nbd7 8. Bd3
Bg7 9. h3 a5 10. a3 Bb7 11. O-O O-O 12. Re1 Qc7 13. axb4 cxb4 14. Nb3 a4 15.
Nbd4 b3 16. Qe2 Ne8 17. Nb5 Qc8 18. Be3 Nc7 19. Bd4 Nxb5 20. Bxg7 Kxg7 21. cxb5
Nc5 22. Nd4 Qd8 23. Nc6 Bxc6 24. bxc6 Qb6 25. Ra3 Ra5 26. Rc1 Rc8 27. Bc4 f6
28. Kh2 Qb4 29. f4 Qb8 30. Rf1 Rf8 31. Qe3 Qc7 32. Kh1 h6 33. h4 Rh8 34. e5 g5
35. h5 Rf8 36. fxg5 hxg5 37. e6 Kh8 38. g4 {...} 0-1

[Event "XII C.to Italiano U20"]
[Site "Bratto - Castione della Presolana ITA"]
[Date "2004.08.24"]
[Round "5"]
[White "Hellweger, Stefan"]
[Black "Procacci, Sergio"]
[Result "0-1"]
[WhiteElo "1664"]
[BlackElo "1756"]
[PlyCount "74"]
[EventDate "2004.08.20"]

1. e4 d5 2. exd5 Qxd5 3. Nc3 Qa5 4. Nf3 Nf6 5. Bc4 Bg4 6. h3 Bh5 7. g4 Bg6 8.
d3 Nbd7 9. Bd2 c6 10. Qe2 Qc7 11. O-O-O O-O-O 12. Nh4 e6 13. Nxg6 hxg6 14. f4
b5 15. Bb3 Nc5 16. Be3 Nxb3+ 17. axb3 Bd6 18. Qf3 Nd5 19. Ne4 Bxf4 20. Bxf4
Qxf4+ 21. Qxf4 Nxf4 22. Rdf1 e5 23. Rf3 f5 24. Nf2 Rdf8 25. Re1 fxg4 26. Rfe3
Ng2 27. Nxg4 Nxe1 28. Rxe1 Rxh3 29. Rxe5 Rg3 30. Re4 Rf1+ 31. Kd2 Rg2+ 32. Kc3
Rc1 33. Kb4 Rgxc2 34. Ne5 a6 35. Nf7 Ra1 36. Nd6+ Kd7 37. Nb7 Kc7 0-1

[Event "XII C.to Italiano U20"]
[Site "Bratto - Castione della Presolana ITA"]
[Date "2004.08.24"]
[Round "5"]
[White "Imbraguglia, Fabio"]
[Black "Bevilacqua, Andrea"]
[Result "0-1"]
[WhiteElo "1988"]
[BlackElo "1736"]
[PlyCount "60"]
[EventDate "2004.08.20"]

1. d4 d5 2. c4 e6 3. Nc3 Nf6 4. Nf3 c6 5. cxd5 exd5 6. Bg5 Be7 7. e3 Ne4 8.
Bxe7 Qxe7 9. Bd3 Bg4 10. Qc2 Bxf3 11. gxf3 Nxc3 12. Qxc3 a5 13. Ke2 Nd7 14.
Rhg1 g6 15. f4 Nf6 16. Rg5 Kd7 17. f3 Nh5 18. Kf2 Rhe8 19. Bf1 f5 20. Rc1 Qb4
21. Qc2 Kc7 22. Bd3 Rxe3 23. Rxh5 Qxd4 24. Rxh7+ Re7+ 25. Kg3 Rxh7 26. Qe2 Rah8
27. Qe5+ Qxe5 28. fxe5 Rxh2 29. Rg1 R8h4 30. Bf1 f4# 0-1

[Event "XII C.to Italiano U20"]
[Site "Bratto - Castione della Presolana ITA"]
[Date "2004.08.24"]
[Round "5"]
[White "Mandolini, Riccardo"]
[Black "Massironi, Marco"]
[Result "0-1"]
[WhiteElo "1799"]
[BlackElo "2121"]
[PlyCount "94"]
[EventDate "2004.08.20"]

1. Nc3 d5 2. e4 d4 3. Nce2 c5 4. c3 Nc6 5. d3 e5 6. Nf3 Nf6 7. Ng3 Bd6 8. Be2
Be6 9. O-O Qd7 10. Nh4 O-O-O 11. Nhf5 Bf8 12. cxd4 cxd4 13. f4 g6 14. Nh4 exf4
15. Bxf4 Be7 16. Rc1 Rdg8 17. Be5 Ng4 18. Bxg4 Bxg4 19. Qa4 Bxh4 20. Bxh8 Rxh8
21. Qxa7 Kd8 22. Qa8+ Qc8 23. Qxc8+ Kxc8 24. Rxf7 Be6 25. Rf2 Bg5 26. Re1 Be3
27. Rxe3 dxe3 28. Re2 Nd4 29. Rxe3 Bxa2 30. Ne2 Nxe2+ 31. Rxe2 Rd8 32. Rc2+ Kb8
33. Rd2 Bb1 34. Kf2 Rxd3 35. Rxd3 Bxd3 36. Ke3 Bc4 37. Kd4 Bb5 38. h4 Kc7 39.
Ke5 Bc6 40. g4 Kd7 41. Kf6 Bxe4 42. g5 Bf3 43. Kg7 Bh5 44. Kf7 Kc6 45. Ke6 Kc5
46. Ke5 Kc4 47. Kd6 Kb3 0-1

[Event "XII C.to Italiano U20"]
[Site "Bratto - Castione della Presolana ITA"]
[Date "2004.08.24"]
[Round "5"]
[White "Mora, Lorenzo"]
[Black "Bonafede, Alessandro"]
[Result "1/2-1/2"]
[WhiteElo "1844"]
[BlackElo "2107"]
[PlyCount "83"]
[EventDate "2004.08.20"]

1. d4 f5 2. c4 Nf6 3. Nf3 g6 4. g3 Bg7 5. Nc3 d6 6. Bg2 O-O 7. O-O Qe8 8. Re1
Qf7 9. b3 h6 10. Bb2 Nh5 11. Qc2 e5 12. dxe5 dxe5 13. e4 f4 14. Nd5 Re8 15.
Rad1 g5 16. c5 Bg4 17. Qe2 Rf8 18. Rd3 Na6 19. h3 Bd7 20. g4 Bb5 21. gxh5 Nxc5
22. Nb4 Nxd3 23. Nxd3 Qxh5 24. Qc2 Bxd3 25. Qxd3 Qf7 26. Nxe5 Qe6 27. Qc4 Rfe8
28. Qxe6+ Rxe6 29. Nc4 Bxb2 30. Nxb2 Rd8 31. Bf1 Red6 32. Bc4+ Kg7 33. e5 Rd2
34. Na4 Rd1 35. Rxd1 Rxd1+ 36. Kg2 Re1 37. e6 b5 38. Bxb5 Rxe6 39. Bc4 Re5 40.
Nc3 c6 41. Kf3 Kf6 42. a4 1/2-1/2

[Event "XII C.to Italiano U20"]
[Site "Bratto - Castione della Presolana ITA"]
[Date "2004.08.24"]
[Round "5"]
[White "Napoli, Nicolo'"]
[Black "Longo, Aldo"]
[Result "1-0"]
[WhiteElo "2172"]
[BlackElo "1888"]
[PlyCount "120"]
[EventDate "2004.08.20"]

1. e4 e5 2. Nf3 Nc6 3. d4 exd4 4. Nxd4 Bc5 5. Be3 Qf6 6. c3 Nge7 7. g3 d5 8.
Bg2 dxe4 9. Nd2 Nxd4 10. Nxe4 Qg6 11. cxd4 Bb4+ 12. Nc3 Bg4 13. Qa4+ Nc6 14.
O-O Bxc3 15. bxc3 Bd7 16. Qa3 a6 17. Rab1 Rb8 18. Rfe1 Kd8 19. d5 Ne5 20. d6
Qxd6 21. Bc5 Qf6 22. Bd4 Nf3+ 23. Bxf3 Qxf3 24. Qe7+ Kc8 25. Re3 Qd5 26. Rbe1
Bc6 27. f3 b6 28. Be5 Qd7 29. Bxg7 Rg8 30. Qf6 Bd5 31. Re7 Qd6 32. Qxd6 cxd6
33. c4 Be6 34. Bd4 Rb7 35. Rxb7 Kxb7 36. Rb1 Bxc4 37. Rxb6+ Kc7 38. Rb2 Rb8 39.
Rc2 Rb4 40. a3 Ra4 41. Kf2 Kc6 42. Bb2 d5 43. Ke3 Kd6 44. g4 Ke6 45. Rd2 f5 46.
g5 Kf7 47. Kf4 Kg6 48. h4 Be2+ 49. Bd4 Bc4 50. h5+ Kxh5 51. Kxf5 Kh4 52. Be5
Bf1 53. Bd6 d4 54. Kf6 d3 55. Rd1 Rd4 56. Be5 Rd7 57. Rxf1 Kh3 58. Ke6 Rb7 59.
Rf2 Kh4 60. Kf6 Rb6+ 1-0

[Event "XII C.to Italiano U20"]
[Site "Bratto - Castione della Presolana ITA"]
[Date "2004.08.24"]
[Round "5"]
[White "Nizzardo, Mattia"]
[Black "Oblak, Mitja"]
[Result "0-1"]
[WhiteElo "1772"]
[BlackElo "1556"]
[PlyCount "74"]
[EventDate "2004.08.20"]

1. e4 c5 2. f4 Nc6 3. Nf3 d6 4. Bb5 Bd7 5. O-O a6 6. Be2 e6 7. d3 Nge7 8. Be3
g6 9. c3 Bg7 10. Nbd2 O-O 11. Qe1 b5 12. Rb1 b4 13. cxb4 Nxb4 14. Nc4 Qc7 15.
Bd2 Nxa2 16. Qh4 f6 17. e5 Nf5 18. Qe1 d5 19. Ba5 Qc6 20. Nb6 Rab8 21. Nxd7
Qxd7 22. Qd2 Nb4 23. d4 Qe7 24. Rfc1 Rfc8 25. Bf1 c4 26. b3 Nc6 27. bxc4 Rxb1
28. Rxb1 dxc4 29. d5 Qc5+ 30. Kh1 Nxa5 31. d6 Rd8 32. Rc1 Nb3 33. Bxc4 Nxc1 34.
Qxc1 Kf8 35. Qc2 fxe5 36. fxe5 Bxe5 37. Qb3 Qxd6 0-1

[Event "XII C.to Italiano U20"]
[Site "Bratto - Castione della Presolana ITA"]
[Date "2004.08.24"]
[Round "5"]
[White "Pagan, Andrea"]
[Black "Pagan, Nicolo'"]
[Result "1-0"]
[WhiteElo "1679"]
[BlackElo "1709"]
[PlyCount "47"]
[EventDate "2004.08.20"]

1. e4 e6 2. d4 d5 3. Nd2 Nc6 4. c3 Nge7 5. e5 Ng6 6. Ndf3 Be7 7. Bd3 O-O 8. Ne2
Bd7 9. Nf4 Nxf4 10. Bxf4 a6 11. Qc2 h6 12. Qd2 g5 13. Bg3 f5 14. exf6 Bxf6 15.
h4 Rf7 16. hxg5 hxg5 17. O-O-O Rc8 18. Rh5 Rg7 19. Rdh1 Be8 20. Rh8+ Kf7 21.
Qc2 Ke7 22. R1h7 Rxh7 23. Rxh7+ Bf7 24. Bg6 1-0

[Event "XII C.to Italiano U20"]
[Site "Bratto - Castione della Presolana ITA"]
[Date "2004.08.24"]
[Round "5"]
[White "Pomaro, Alberto"]
[Black "Buono, Valerio"]
[Result "0-1"]
[WhiteElo "1727"]
[BlackElo "1978"]
[PlyCount "85"]
[EventDate "2004.08.20"]

1. c4 e5 2. Nc3 Nc6 3. g3 Nf6 4. Bg2 Bc5 5. Nf3 O-O 6. O-O Re8 7. a3 a5 8. b3
d6 9. Bb2 h6 10. d3 Be6 11. Nd2 Qd7 12. Nde4 Nxe4 13. Nxe4 Ba7 14. Bc1 f5 15.
Nc3 Rf8 16. e3 g5 17. f4 g4 18. Bd2 h5 19. Nb5 Bb6 20. Qe2 Rae8 21. h4 Bf7 22.
Kh2 Ne7 23. Qe1 c6 24. Nc3 Ng6 25. Na4 Bd8 26. Bxa5 exf4 27. Nb6 Bxb6 28. Bxb6
f3 29. Bh1 f4 30. Qf2 Nxh4 31. Kg1 fxe3 32. Bxe3 Nf5 33. Rae1 Nxe3 34. Rxe3 Bg6
35. Bxf3 Rxf3 36. Rxf3 gxf3 37. Qxf3 Qf7 38. Qg2 Qe7 39. Qb2 Qe3+ 40. Kh1 Qe5
41. Qf2 Bxd3 42. Qf7+ Kh8 43. Qg6 0-1

[Event "XII C.to Italiano U20"]
[Site "Bratto - Castione della Presolana ITA"]
[Date "2004.08.24"]
[Round "5"]
[White "Reduzzi, Maurizio"]
[Black "Vignoli, Matteo"]
[Result "0-1"]
[WhiteElo "2114"]
[BlackElo "1808"]
[PlyCount "58"]
[EventDate "2004.08.20"]

1. d4 Nf6 2. Nf3 g6 3. c4 Bg7 4. g3 O-O 5. Bg2 d6 6. O-O c5 7. Nc3 Nbd7 8. b3
Rb8 9. Bb2 a6 10. e4 b5 11. cxb5 axb5 12. Re1 b4 13. Na4 Bb7 14. e5 Nd5 15.
dxc5 Nxc5 16. Nxc5 dxc5 17. Qc2 Qb6 18. Rac1 Rfc8 19. e6 f6 20. h4 Ra8 21. Ba1
Nc3 22. Bxc3 bxc3 23. h5 g5 24. Re2 c4 25. bxc4 Rxc4 26. Rb1 Rb4 27. Rxb4 Qxb4
28. Qd3 Ba6 29. Qd5 Rc8 0-1

[Event "XII C.to Italiano U20"]
[Site "Bratto - Castione della Presolana ITA"]
[Date "2004.08.24"]
[Round "5"]
[White "Regorda, Massimiliano"]
[Black "Reginato, Mauro"]
[Result "0-1"]
[WhiteElo "1703"]
[BlackElo "1574"]
[PlyCount "116"]
[EventDate "2004.08.20"]

1. e4 e5 2. Nf3 Nc6 3. Bb5 d6 4. O-O Bd7 5. c3 Nf6 6. Re1 Be7 7. d4 h6 8. Nbd2
O-O 9. d5 Nb8 10. Bxd7 Nbxd7 11. Nf1 c6 12. dxc6 bxc6 13. Ng3 Re8 14. Nf5 Nc5
15. Nxe7+ Qxe7 16. Qc2 Qb7 17. Nh4 d5 18. exd5 cxd5 19. Re3 d4 20. cxd4 exd4
21. Rxe8+ Rxe8 22. Bxh6 gxh6 23. Qxc5 Qxb2 24. Qc1 Qxc1+ 25. Rxc1 d3 26. Kf1
Re2 27. Rd1 Rxa2 28. Rxd3 a5 29. Nf5 Kh7 30. f3 a4 31. Nd4 a3 32. Nb5 Ra1+ 33.
Kf2 a2 34. Ra3 Rb1 35. Rxa2 Rxb5 36. Ra7 Kg6 37. Ra6 Kg7 38. Ra2 Rh5 39. Kg3
Rg5+ 40. Kf2 Rf5 41. Ra4 Kg6 42. Ra6 Rb5 43. Rc6 Rb2+ 44. Kg1 Kg7 45. Rc5 Nd7
46. Ra5 Nb6 47. h4 Nc4 48. Rc5 Ne3 49. g4 Rg2+ 50. Kh1 Rf2 51. Kg1 Rxf3 52. Rc3
Rf1+ 53. Kh2 Nxg4+ 54. Kg3 h5 55. Rc5 Kg6 56. Rg5+ Kh6 57. Rg8 Nf6 58. Rh8+ Kg6
0-1

[Event "XII C.to Italiano U20"]
[Site "Bratto - Castione della Presolana ITA"]
[Date "2004.08.24"]
[Round "5"]
[White "Rombaldoni, Denis"]
[Black "Frilli, Guido"]
[Result "1-0"]
[WhiteElo "2224"]
[BlackElo "2131"]
[PlyCount "67"]
[EventDate "2004.08.20"]

1. d4 d5 2. c4 c6 3. Nf3 Nf6 4. g3 a6 5. Bg2 Bf5 6. O-O e6 7. Qb3 b5 8. cxd5
cxd5 9. Bf4 Bd6 10. a4 b4 11. a5 O-O 12. Bxd6 Qxd6 13. Nbd2 Nc6 14. Rfc1 Rfc8
15. Qa4 h6 16. Nb3 Be4 17. Nfd2 Bxg2 18. Kxg2 e5 19. Nf3 e4 20. Ne1 Nh7 21. Rc5
Ra7 22. Rac1 Rac7 23. Nc2 Ng5 24. Ne3 Ne7 25. Rxc7 Rxc7 26. Rxc7 Qxc7 27. Qxb4
f5 28. Qb6 Qc8 29. Qd6 Qb7 30. Nc5 Qxb2 31. h4 f4 32. hxg5 fxe3 33. Qxe7 Qxe2
34. Qe8+ 1-0

[Event "XII C.to Italiano U20"]
[Site "Bratto - Castione della Presolana ITA"]
[Date "2004.08.24"]
[Round "5"]
[White "Ronchetti, Niccolo'"]
[Black "Lettieri, Giuseppe"]
[Result "1/2-1/2"]
[WhiteElo "2216"]
[BlackElo "2144"]
[PlyCount "95"]
[EventDate "2004.08.20"]

1. e4 e5 2. Nf3 Nc6 3. Bb5 f5 4. Nc3 Nf6 5. Qe2 Bc5 6. exf5 Qe7 7. Bxc6 dxc6 8.
d3 Bxf5 9. Be3 Bd6 10. Bg5 O-O-O 11. O-O-O h6 12. Bxf6 Qxf6 13. h3 Rhf8 14. Ne4
Qf7 15. Kb1 Qd5 16. Nfd2 Bb4 17. Nc4 Bxe4 18. dxe4 Qe6 19. c3 Bc5 20. Rxd8+
Rxd8 21. f3 b5 22. Nd2 a5 23. Rd1 a4 24. a3 Qd6 25. Kc2 Qe6 26. Kc1 Qa2 27. Nb1
Be3+ 28. Qxe3 Rxd1+ 29. Kxd1 Qxb1+ 30. Qc1 Qd3+ 31. Ke1 Qc4 32. Qd2 Qc5 33. Kf1
Qd6 34. Ke2 Qg6 35. Kf2 Qd6 36. Qe2 Qe6 37. h4 Qe7 38. g3 Kb7 39. Kg2 Qd8 40.
Qf2 Qd3 41. h5 Qd1 42. Kh3 Qd7+ 43. Kg2 Qd1 44. Kh2 Qd3 45. g4 Qd6 46. Kg3 Qd3
47. Kh3 Qb1 48. Qd2 1/2-1/2

[Event "XII C.to Italiano U20"]
[Site "Bratto - Castione della Presolana ITA"]
[Date "2004.08.24"]
[Round "5"]
[White "Rostolis, Riccardo"]
[Black "Covolan, Stefano"]
[Result "1-0"]
[WhiteElo "1709"]
[BlackElo "1586"]
[PlyCount "83"]
[EventDate "2004.08.20"]

1. e4 c5 2. Nf3 d6 3. d4 cxd4 4. Nxd4 Nf6 5. Nc3 a6 6. Bc4 e6 7. Be3 b5 8. Bb3
Bb7 9. f3 Be7 10. Bxe6 O-O 11. Bb3 Nbd7 12. Qe2 Nc5 13. O-O-O b4 14. Na4 Qa5
15. Nxc5 dxc5 16. Nf5 Qc7 17. g4 a5 18. Ba4 Ba6 19. Qg2 Rad8 20. Qg3 Qa7 21.
Qe5 Rxd1+ 22. Rxd1 Bd8 23. Bxc5 Bc7 24. Qxf6 Bf4+ 25. Kb1 gxf6 26. Bxa7 Be2 27.
Re1 Rd8 28. Bb6 Rd2 29. Bxa5 Bxf3 30. Bxb4 Rxh2 31. a3 Bg5 32. Ne7+ Kg7 33. Bd7
h5 34. gxh5 Rxh5 35. a4 Rh8 36. Bc3 Ra8 37. a5 Ra7 38. Rf1 Be2 39. Rf2 Bc4 40.
Nf5+ Kf8 41. Rh2 Rxd7 42. Rh8# 1-0

[Event "XII C.to Italiano U20"]
[Site "Bratto - Castione della Presolana ITA"]
[Date "2004.08.24"]
[Round "5"]
[White "Santagati, Alessandro"]
[Black "Lain, Luigi"]
[Result "0-1"]
[WhiteElo "2176"]
[BlackElo "2243"]
[PlyCount "74"]
[EventDate "2004.08.20"]

1. d4 d5 2. c4 e6 3. Nc3 Nf6 4. Bg5 Nbd7 5. cxd5 exd5 6. Nf3 c6 7. e3 Be7 8.
Bd3 O-O 9. Qc2 Re8 10. O-O h6 11. Bh4 Nf8 12. a3 Bd6 13. e4 dxe4 14. Nxe4 Be7
15. Rfe1 Nxe4 16. Bxe7 Rxe7 17. Bxe4 Bg4 18. Ne5 Qxd4 19. Nxg4 Rae8 20. Qb3
Rxe4 21. Ne3 b6 22. Red1 Qf6 23. Rac1 Ng6 24. Rd7 Nf4 25. Rc2 Qg6 26. g3 Nh3+
27. Kh1 Rxe3 28. fxe3 Qe4+ 29. Rg2 Qf3 30. Qc4 Rxe3 31. Rd8+ Kh7 32. Qc2+ g6
33. Rd1 Nf2+ 34. Qxf2 Qxd1+ 35. Rg1 Qd5+ 36. Rg2 Rf3 37. Qe2 Rd3 0-1

[Event "XII C.to Italiano U20"]
[Site "Bratto - Castione della Presolana ITA"]
[Date "2004.08.24"]
[Round "5"]
[White "Seminara, Antonio"]
[Black "Campanella, Giovanni"]
[Result "1-0"]
[WhiteElo "1937"]
[BlackElo "1694"]
[PlyCount "89"]
[EventDate "2004.08.20"]

1. d4 d5 2. c4 e5 3. cxd5 Qxd5 4. Nc3 Qxd4 5. Qxd4 exd4 6. Nb5 Na6 7. Nxd4 Bb4+
8. Bd2 Bxd2+ 9. Kxd2 Bd7 10. e3 Nc5 11. Bc4 Nf6 12. Rc1 O-O-O 13. Ke2 Rhf8 14.
Ngf3 Nce4 15. h3 Nd6 16. Bd3 Rfe8 17. Rc2 h6 18. Rhc1 Nd5 19. Kf1 Kb8 20. a3 f5
21. Nd2 g5 22. Rc5 c6 23. b4 Ne4 24. Bxe4 fxe4 25. b5 Nb6 26. bxc6 Bxc6 27.
Nxc6+ bxc6 28. Nb3 Rd3 29. Nd4 Rxa3 30. Rxc6 Rc8 31. Rxc8+ Nxc8 32. Nf5 a5 33.
Nxh6 Ra2 34. Nf7 a4 35. Nxg5 Nd6 36. h4 a3 37. h5 Nf5 38. Nxe4 Rb2 39. Nc3 Rb3
40. g4 Nh6 41. g5 Ng8 42. h6 Rb7 43. f4 Rc7 44. Rb1+ Kc8 45. Na2 1-0

[Event "XII C.to Italiano U20"]
[Site "Bratto - Castione della Presolana ITA"]
[Date "2004.08.24"]
[Round "5"]
[White "Taglione, Stefano"]
[Black "Forato, Enrico"]
[Result "0-1"]
[WhiteElo "1700"]
[BlackElo "1739"]
[PlyCount "78"]
[EventDate "2004.08.20"]

1. e4 c5 2. Nf3 e6 3. d4 cxd4 4. Nxd4 Nf6 5. Nc3 d6 6. Bg5 Be7 7. Bc4 a6 8. a3
Nxe4 9. Bxe7 Nxc3 10. Bxd8 Nxd1 11. Rxd1 Kxd8 12. O-O d5 13. Nf3 Kc7 14. Bb3
Nc6 15. Rd3 Bd7 16. Rfd1 Rad8 17. Ng5 Be8 18. Rf3 Rd7 19. Rfd3 h6 20. Nf3 f6
21. Nd4 Bf7 22. Nxc6 bxc6 23. Ba4 Rb8 24. b4 e5 25. c4 d4 26. c5 Rbd8 27. Bb3
e4 28. Rg3 Bxb3 29. Rxb3 d3 30. a4 f5 31. g3 g5 32. b5 axb5 33. axb5 cxb5 34.
Ra3 Kc6 35. Ra6+ Kxc5 36. Rc1+ Kd4 37. Rac6 f4 38. R6c5 d2 39. gxf4 dxc1=Q+ 0-1

[Event "XII C.to Italiano U20"]
[Site "Bratto - Castione della Presolana ITA"]
[Date "2004.08.24"]
[Round "5"]
[White "Tomba, Ivan"]
[Black "Buchicchio, Giampaolo"]
[Result "0-1"]
[WhiteElo "2292"]
[BlackElo "2291"]
[PlyCount "98"]
[EventDate "2004.08.20"]

1. e4 c5 2. Nf3 Nc6 3. d4 cxd4 4. Nxd4 Nf6 5. Nc3 e5 6. Ndb5 d6 7. Nd5 Nxd5 8.
exd5 Nb8 9. c4 Be7 10. Be2 a6 11. Nc3 O-O 12. O-O f5 13. Kh1 Nd7 14. f4 Bf6 15.
Qc2 exf4 16. Bxf4 Be5 17. b4 a5 18. Bxe5 Nxe5 19. a3 axb4 20. axb4 Rxa1 21.
Rxa1 f4 22. Ra8 Qh4 23. Qd1 f3 24. gxf3 Nxc4 25. Ne4 Nb6 26. Ra5 Bf5 27. Rb5
Nc8 28. Ng3 b6 29. Nxf5 Rxf5 30. Qc1 Qd8 31. Qg1 Qe8 32. Qf2 Re5 33. Bd3 Re3
34. Bc4 Re1+ 35. Kg2 Qg6+ 36. Qg3 Qxg3+ 37. hxg3 Re7 38. Kf2 Kf7 39. Bd3 g6 40.
Bf1 Rb7 41. Ke3 Ke7 42. Kd4 Kd8 43. f4 Kc7 44. Ke4 Ne7 45. g4 Rb8 46. Bd3 Rf8
47. Kf3 g5 48. f5 h6 49. Ke4 Ng8 0-1

[Event "XII C.to Italiano U20"]
[Site "Bratto - Castione della Presolana ITA"]
[Date "2004.08.24"]
[Round "5"]
[White "Valsecchi, Alessio"]
[Black "D'Apa, Matteo"]
[Result "1/2-1/2"]
[WhiteElo "1739"]
[BlackElo "1939"]
[PlyCount "151"]
[EventDate "2004.08.20"]

1. e4 e5 2. Nf3 Nc6 3. Bb5 a6 4. Ba4 d6 5. d4 b5 6. Bb3 Nxd4 7. Nxd4 exd4 8.
O-O c5 9. Bd5 Ra7 10. c3 dxc3 11. Nxc3 Nf6 12. Re1 Be7 13. Bc6+ Bd7 14. Bxd7+
Qxd7 15. Bf4 O-O 16. Bxd6 Bxd6 17. e5 Be7 18. exf6 Bxf6 19. Nd5 Qd8 20. Nxf6+
Qxf6 21. Qd5 Qd4 22. Qxd4 cxd4 23. Rad1 Rd7 24. Rd3 f6 25. Kf1 Kf7 26. Red1
Rfd8 27. Ke2 Ke6 28. Ra3 Rd6 29. Rg3 R8d7 30. Rh3 g6 31. Kd3 Kd5 32. Rc1 Re6
33. Rh4 Red6 34. Rxd4+ Ke6 35. Rxd6+ Rxd6+ 36. Ke3 h5 37. g3 g5 38. h4 gxh4 39.
gxh4 Kf5 40. f3 Re6+ 41. Kf2 Kf4 42. Rc5 f5 43. Rd5 Rc6 44. Rd2 Rc4 45. b3 Rc3
46. Rd4+ Ke5 47. Rd2 Kf4 48. Rd4+ Ke5 49. Rd2 b4 50. Kg3 a5 51. Kf2 Rc1 52. Kg3
Rg1+ 53. Kf2 Rh1 54. Kg3 Rg1+ 55. Kf2 Rc1 56. Kg3 Rc5 57. Kf2 a4 58. bxa4 Ra5
59. Ke3 Rxa4 60. f4+ Ke6 61. Kf3 Ra3+ 62. Kg2 Rc3 63. Rb2 Rc4 64. Re2+ Kd5 65.
Re5+ Kd4 66. Rxf5 Rc2+ 67. Kf3 Rxa2 68. Rxh5 b3 69. Rb5 Kc4 70. Rb7 b2 71. Kg4
Kc3 72. h5 Ra1 73. h6 b1=Q 74. Rxb1 Rxb1 75. Kg5 Kd4 76. h7 1/2-1/2

[Event "XII C.to Italiano U20"]
[Site "Bratto - Castione della Presolana ITA"]
[Date "2004.08.24"]
[Round "5"]
[White "Xia, Jie"]
[Black "Battaglia, Edoardo"]
[Result "0-1"]
[WhiteElo "2126"]
[BlackElo "1877"]
[PlyCount "81"]
[EventDate "2004.08.20"]

1. e4 c6 2. d4 d5 3. Nc3 dxe4 4. Bc4 Bf5 5. f3 exf3 6. Nxf3 e6 7. O-O Nf6 8.
Ne5 Bxc2 9. Qxc2 Qxd4+ 10. Kh1 Qxe5 11. Qb3 Qc7 12. Bf4 Qb6 13. Qc2 Be7 14. Ne4
O-O 15. Nxf6+ Bxf6 16. Qe4 Qd4 17. Qe2 b5 18. Bd3 Qxb2 19. Qg4 Nd7 20. Rab1 Qa3
21. Rb3 Qc5 22. Rc1 Qd5 23. Rd1 Qc5 24. Be4 Bd4 25. Bxh7+ Kxh7 26. Qh4+ Kg8 27.
Rh3 f6 28. Qh7+ Kf7 29. Rg3 Rg8 30. Bh6 f5 31. Qg6+ Ke7 32. Bg5+ Bf6 33. Rxd7+
Kxd7 34. Qf7+ Qe7 35. Rd3+ Kc7 36. Bf4+ Kb6 37. Qh5 Rad8 38. Rb3 Qd7 39. Be3+
c5 40. Rb1 Qd3 41. Bxc5+ 0-1

[Event "XII C.to Italiano U20"]
[Site "Bratto - Castione della Presolana ITA"]
[Date "2004.08.25"]
[Round "6"]
[White "Bartolini, Leonardo"]
[Black "Gilardi, Davide"]
[Result "1-0"]
[WhiteElo "1574"]
[BlackElo "1440"]
[PlyCount "51"]
[EventDate "2004.08.20"]

1. d4 Nf6 2. Nf3 d6 3. Bf4 g6 4. h3 Bg7 5. e3 O-O 6. Be2 Nbd7 7. O-O Re8 8. c4
e5 9. dxe5 dxe5 10. Nxe5 Nxe5 11. Qxd8 Rxd8 12. Bxe5 c6 13. Nc3 Be6 14. Rfd1
Re8 15. Bh2 Nd7 16. Rac1 Nb6 17. b3 Nd7 18. Ne4 Nf6 19. Nd6 Re7 20. Bf3 Bc8 21.
Nxc8 Rxc8 22. Rd3 b6 23. Rcd1 Ree8 24. Rd6 c5 25. R6d3 h5 26. Bb7 1-0

[Event "XII C.to Italiano U20"]
[Site "Bratto - Castione della Presolana ITA"]
[Date "2004.08.25"]
[Round "6"]
[White "Basso, Piergiorgio"]
[Black "Berardi, Alessandro"]
[Result "1-0"]
[WhiteElo "1742"]
[BlackElo "1577"]
[PlyCount "31"]
[EventDate "2004.08.20"]

1. e4 e6 2. d4 d5 3. e5 c5 4. c3 Nc6 5. Nf3 Qb6 6. Bd3 Bd7 7. O-O cxd4 8. cxd4
f6 9. Re1 Nxd4 10. Nxd4 Bc5 11. Be3 Qxb2 12. Nb3 Ba4 13. Bxc5 Bxb3 14. Qxb3
Qxa1 15. Qxb7 fxe5 16. Bb5+ 1-0

[Event "XII C.to Italiano U20"]
[Site "Bratto - Castione della Presolana ITA"]
[Date "2004.08.25"]
[Round "6"]
[White "Battaglia, Edoardo"]
[Black "Santagati, Alessandro"]
[Result "1/2-1/2"]
[WhiteElo "1877"]
[BlackElo "2176"]
[PlyCount "66"]
[EventDate "2004.08.20"]

1. e4 g6 2. d4 Bg7 3. Nc3 c5 4. dxc5 Qa5 5. Bd2 Qxc5 6. Nge2 Nf6 7. Be3 Qb4 8.
Qd3 Nc6 9. O-O-O Ng4 10. f4 Nxe3 11. Qxe3 Na5 12. a3 Nc4 13. axb4 Nxe3 14. Rd3
Nxf1 15. Rxf1 b6 16. Nd5 Kd8 17. Rfd1 e6 18. Ndc3 a6 19. e5 f5 20. exf6 Bxf6
21. Ne4 Rf8 22. Nxf6 Rxf6 23. Rd6 Kc7 24. g3 Rf7 25. Nc3 Bb7 26. Na4 Bc6 27. b3
Rc8 28. Nc3 Kb7 29. Kb2 Rc7 30. R1d4 Rf5 31. Ne4 Rh5 32. h4 Rf5 33. Nd2 e5
1/2-1/2